000 00305nam a22001217a 4500
008 180926b xxu||||| |||| 00| 0 eng d
041 _aeng
080 _22nd
_a610
100 _a4
101 _aSHM
245 _aMedical, Psychosocial, and Vocational Aspects of Disability
_cBrodwing,M.G
942 _2udc
_cBK
999 _c48473
_d48473